000 00615cam a22002411 4500
001 ne 68003095
003 DLC
005 20260227111845.0
008 890402s1961 xx b 000 0 per
010 _ane 68003095
035 _a(OCoLC)23555051
040 _aDLC
_cMiU
_dDLC
042 _apremarc
043 _aa-ir---
050 0 0 _aDS270
_b.M8
100 1 _aMuqtadir, Ghulām Ḥusayn.
245 1 0 _aFihristī az tārīkh-i Īrān.
260 _c[1961 or 2]
300 _a4, 136 p.
_bmaps.
_c23 cm.
500 _aRomanized.
651 0 _aIran
_xKings and rulers.
651 0 _aIran
_xHistory
_xChronology.
999 _c50691
_d50691